| 000 | 00661nam a2200229 i 4500 | ||
|---|---|---|---|
| 001 | 106417 | ||
| 003 | ES-MaACL | ||
| 005 | 20230906184135.0 | ||
| 007 | t| | ||
| 008 | 061114s1996 fr a |||| | fre d | ||
| 020 | _a2-07-053373-5 | ||
| 080 | _a511 | ||
| 100 | 1 |
_aGuedj, Denis. _960406 |
|
| 245 | 1 | 2 |
_aL'empire des nombres / _cDenis Guedj. |
| 260 |
_aParis : _bGallimard, _c[1996] |
||
| 300 |
_a176 p. : _bil. ; _c18 cm. |
||
| 490 | 1 |
_aDécouvertes Gallimard ; _v300 |
|
| 650 | 1 | 4 |
_aNúmeros. _915646 |
| 830 | 0 |
_aDécouvertes Gallimard ; _v300 _9185201 |
|
| 852 |
_aES-MaACL _jE-11401 _z. - Biblioteca Jacinto Martínez Lacalle |
||
| 999 |
_c106417 _d106417 |
||